Návrh automatizácie plniaceho stroja na výrobu ložísk

Enregistré dans:
Détails bibliographiques
Auteur principal: Singhofer, Tibor, 1983- (Auteur)
Autres auteurs: Ružarovský, Roman, 1979- (Directeur de thèse)
Format: Manuscrit Livre
Langue:slovaque
Publié: 2015
Sujets:
Accès en ligne:http://is.stuba.sk/zp/portal_zp.pl?podrobnosti=110876
Tags: Ajouter un tag
Pas de tags, Soyez le premier à ajouter un tag!

MARC

LEADER 00000ntm a22000003a 4500
001 stuzp50631
003 SK-STU
005 20160719153620.9
007 ta
008 150427s2015----xo-----f-mn---000-0-slo-d
040 |a STU  |b slo 
041 0 |a slo 
100 1 |a Singhofer, Tibor,  |d 1983-  |u 063000  |4 aut  |U MTF Materiálovotechnologická fakulta  |T MTF Ústav výrobných technológií  |X 30086  |U M3000  |Y 83  |7 A000030086 
242 0 1 |a A design of filling machine for the bearing production.  |y eng 
245 1 0 |a Návrh automatizácie plniaceho stroja na výrobu ložísk 
260 |c 2015 
650 4 |a Ložisko  |2 slo 
650 4 |a Montáž  |2 slo 
650 4 |a Automatizácia  |2 slo 
650 4 |a Automation  |2 eng 
650 4 |a Bearing  |2 eng 
650 4 |a Assembly  |2 eng 
700 1 |a Ružarovský, Roman,  |d 1979-  |4 ths  |X 30883  |7 A000030883 
856 4 |u http://is.stuba.sk/zp/portal_zp.pl?podrobnosti=110876 
996 |c M* DP-12280  |l MMSKP  |s P  |a 0  |w stuzp50631_0001 
SQL |a stuzp50631  |b DDP  |c SLO  |d Návrh automatizácie plniaceho stroja na výrobu ložísk  |e 30086  |f Singhofer, Tibor  |g 063000  |h 30883  |i Ružarovský, Roman  |j 20150604  |k 195  |l 06  |m http://is.stuba.sk/zp/portal_zp.pl?podrobnosti=110876  |n I-VZS  |o 5.2.50. výrobná technika